000 00520nam a2200217Ia 4500
003 OSt
005 20220924144241.0
006 a|||||r|||| 00| 0
007 ta
008 220923b |||||||| |||| 00| 0 urd d
024 _a313052
037 _cTextual
040 _aARTS
_cARTS
_burd
041 _2urd
_aurd
082 _aO168,1M69:g, G6
245 0 _aTajallaye Shahab Saqib
260 _c1936
650 _aURDU POETRY
942 _hO168,1M69:g, G6
_cTEXL
_2CC
999 _c456524
_d456524